00505 2200181 4500001002100000005001700021008004100038020001900079035002900098090001400127100001500141245005700156250001000213260003800223300002200261650001600283990002400299INLIS00000000002228220140307101505.0  a979-9636-136-1 a##a0010-031400000000104 a153 Ibn t aIbnu Hajar aTes PsikologibLangkah Mudah Meniti Karir Sejak Dini aCet 1 aYogjakartabPustaka Banuajuc2005 a138 hlm ; 20,5 cm aIntelegensi a30308/pusdacil/2014